000 00589nam a2200181 i 4500
001 101892
003 ES-MaACL
005 20250815062535.0
007 t|
008 051026s1942 sp ||||1| spa d
100 1 _aMelón y Ruiz de Gordejuela, Amando,
_d1895-1975
_980024
245 1 0 _aGeografía general o iniciación a la Geografía descriptiva /
_cpor Amando Melón Ruiz de Gordejuela.
260 _aValladolid :
_bSantarén,
_c1942.
300 _a381 p. :
_bil. ;
_c28 cm.
650 0 7 _aGeografía
_2embne
_913070
852 _aES-MaACL
_jF-15779
_bR.20024
999 _c101892
_d101892